01300nam a22001457a 4500008004100000020001800041050001700059100001900076245010200095260004300197300003000240500003500270505083000305700001901135140711b xxu||||| |||| 00| 0 eng d a9780470023976 aHV6080.C3756 aCanter, David. aInvestigative psychology: offender profiling and the analysis of criminal action. /cDavid Canter aChichester:bJohn Wiley & Sons,c2009. axiii,470p.:bill.;c24cm. aIncludes index and references. aContents: The Road to investigative psychology:The emergence of investigative psychology from offender profiling -- Introducing investigative psychology -- Foundations: description and classification -- The Coming of the informed deductive -- The Age of profiling and the road to investigative psychology -- Fundamentals: A Framework for studying criminal actions and inferences about offenders -- The Radex of criminality -- Personal narratives of crime -- Finding action patterns and drawing profiles -- Criminal psychogeography -- Investigative information -- Suspect interviewing and description -- Profiling criminal actions: Models of offending behavior and applications of investigative psychology -- Acquisitive crime -- Sexual offences -- Murder -- Organized crime -- Terrorism -- Investigative psychology in action. aYoungs, Donna.